01427nam a2200325Ia 4500001000600000003000500006008004100011010001100052040000900063090001800072100004300090245015400133260003300287300001000320502017400330650003700504650004200541650003300583700004700616700004600663700004600709901001800755902000600773910000900779942000600788942000600794999001900800952014100819952014100960Z_569CHAP220113s1983 xx 000 0 und d a163679 cCHAP aTesis O24 242 aOchoa Palacios, Jorge Joaquín982691 aPatrones de fermentación y rendimiento en canal de borregos alimentados con rastrojo de maíz tratado con NaOH /c Jorge Joaquín Ochoa Palacios aMéxico :bEl autor,c1983 a80 h. aTesis (Ingeniero Agrónomo Especialista en Zootecnia) -- UACh, 1983 \ Dirección: Maximino Huerta Bravo; asesoría: Ruy Orcasberro Gómez y Mora Vital, Ma. Guadalupe aCarne de borrego en canal919123 aGanado lanarxAlimentación\ 945153 aMaíz como forraje\ 971109 a Mora Vital, Ma. Guadalupe, asesor9137815 a Orcasberro Gómez, Ruy, asesor 9137816 aHuerta Bravo, Maximino, director 9137817 aTESIS O24 242 aM a1983 c2 c2 c163679d163679 00102local4051708TESISaZbZd2005-11-09eEl autorl0oTesis O24 242 1983p5101000370r2022-01-18 00:00:00tEj.1w2022-01-18yTESIS 00102local4055708TESISaZbZd2005-11-09eEl autorl0oTesis O24 242 1983p5101000371r2022-01-18 00:00:00tEj.2w2022-01-18yTESIS